00357nam a22001337a 4500008004100000020001800041041000900059082002300068100002500091245001400116260005100130300001800181650002400199210302b xxu||||| |||| 00| 0 eng d a9789994684663 aNep. aN808.803523/Pr517l aPradhananga, Devina. aLatamaya. aKathmandu:bNepal Balsahitya Samaj,c2064.B.S. a24p. ; illus. aChildren literature